[Event "PRVA LIGA CENTRALNE SRBIJE 2018."]
[Site "Kragujevac,hotel Sumarice"]
[Date "2018.09.18"]
[Round "6.4"]
[White "Zivkovic, Ivan B"]
[Black "Manic, Ljubomir"]
[Result "1-0"]
[WhiteElo "2349"]
[BlackElo "2115"]
[PlyCount "57"]
[EventDate "2018.09.14"]
[WhiteTeam "Pozega"]
[BlackTeam "Progres  Pirot"]

1. e4 d5 2. exd5 Qxd5 3. Nc3 Qa5 4. d4 c6 5. Nf3 Bg4 6. h3 Bxf3 7. Qxf3 e6 8.
Bd2 Nf6 9. Ne4 Qd8 10. Nxf6+ gxf6 11. O-O-O Be7 12. Bc4 h5 13. Qg3 Kd7 14. Rhe1
Bd6 15. Qg7 Qf8 16. Bxe6+ Kc7 17. Qxf7+ Qxf7 18. Bxf7 Nd7 19. c4 b6 20. b4 c5
21. bxc5 bxc5 22. Ba5+ Nb6 23. dxc5 Bxc5 24. Rd5 Ba3+ 25. Kc2 Kb7 26. Rb5 Rac8
27. Bd5+ Ka6 28. Re6 Bc5 29. Bc3 1-0

[Event "PRVA LIGA CENTRALNE SRBIJE 2018."]
[Site "Kragujevac,hotel Sumarice"]
[Date "2018.09.18"]
[Round "6.5"]
[White "Atakisi, Umut"]
[Black "Ivanov, Mikhail M"]
[Result "0-1"]
[WhiteElo "2397"]
[BlackElo "2367"]
[PlyCount "76"]
[EventDate "2018.09.14"]
[WhiteTeam "OSK Paracin  Paracin"]
[BlackTeam "Sabacki SK Sabac"]

1. e4 e5 2. Bc4 Nf6 3. d3 c6 4. Nf3 Be7 5. O-O d6 6. Re1 O-O 7. Nbd2 Nbd7 8. a4
Qc7 9. Ba2 Nc5 10. Bb1 Re8 11. c3 Bg4 12. b4 Ncd7 13. h3 Bh5 14. Nf1 a5 15. Bd2
d5 16. Bc2 dxe4 17. dxe4 c5 18. b5 c4 19. Ng3 Bg6 20. Nh4 Nc5 21. Nhf5 Rad8 22.
Qe2 Nd3 23. Red1 Nf4 24. Nxe7+ Rxe7 25. Qf3 Red7 26. Be3 N6d5 27. Bd2 h5 28. h4
Nf6 29. Be3 Ng4 30. Rxd7 Rxd7 31. Rd1 Nd3 32. Nf5 Qd8 33. g3 f6 34. Qe2 Bf7 35.
Qf1 Kf8 36. Bxd3 Rxd3 37. Rxd3 cxd3 38. Kg2 Be6 0-1

[Event "PRVA LIGA CENTRALNE SRBIJE 2018."]
[Site "Kragujevac,hotel Sumarice"]
[Date "2018.09.18"]
[Round "6.5"]
[White "Radovanovic, Jovica"]
[Black "Mladenovic, Stefan"]
[Result "0-1"]
[WhiteElo "2322"]
[BlackElo "2355"]
[PlyCount "58"]
[EventDate "2018.09.14"]
[WhiteTeam "Sabacki SK Sabac"]
[BlackTeam "OSK Paracin  Paracin"]

1. d4 Nf6 2. Nf3 e6 3. c4 b6 4. g3 Ba6 5. b3 b5 6. cxb5 Bxb5 7. Bg2 Bc6 8. O-O
a5 9. Bg5 Be7 10. Nc3 O-O 11. Qc2 Na6 12. Ne5 Bxg2 13. Kxg2 c5 14. dxc5 Rc8 15.
Nd3 Nxc5 16. Nxc5 Rxc5 17. Be3 Rc6 18. Qd3 Qa8 19. f3 Rfc8 20. Bd2 Rd6 21. Qe3
Ng4 22. Qf4 f5 23. Rfd1 g5 24. Qa4 Rxc3 25. Bxc3 Ne3+ 26. Kh1 Nxd1 27. Bd4 g4
28. Kg2 Qd5 29. Rxd1 e5 0-1

[Event "PRVA LIGA CENTRALNE SRBIJE 2018."]
[Site "Kragujevac,hotel Sumarice"]
[Date "2018.09.18"]
[Round "6.5"]
[White "Cvetanovic, Uros"]
[Black "Colovic, Dusan"]
[Result "1-0"]
[WhiteElo "2295"]
[BlackElo "2296"]
[PlyCount "77"]
[EventDate "2018.09.14"]
[WhiteTeam "OSK Paracin  Paracin"]
[BlackTeam "Sabacki SK Sabac"]

1. e4 g6 2. d4 Bg7 3. Nc3 d6 4. f4 Nc6 5. Be3 Nf6 6. Nf3 d5 7. e5 Ng4 8. Bg1
O-O 9. h3 Nh6 10. g4 f6 11. Bg2 fxe5 12. fxe5 e6 13. Be3 Na5 14. Bg5 Qe8 15.
O-O Nf7 16. Bf6 Bxf6 17. exf6 Nc4 18. Qc1 Qd8 19. b3 Ncd6 20. Qf4 c6 21. a4 Bd7
22. Rae1 Re8 23. Ne5 Nxe5 24. dxe5 Nf7 25. h4 Qb6+ 26. Kh2 a5 27. g5 Qb4 28.
Qg3 Qc5 29. Re2 Kh8 30. Nd1 b5 31. Rf4 Rg8 32. Nf2 Qb6 33. Nh3 bxa4 34. bxa4
Qc7 35. h5 gxh5 36. Rh4 Nh6 37. Rxh5 Nf5 38. g6 Be8 39. f7 1-0

[Event "PRVA LIGA CENTRALNE SRBIJE 2018."]
[Site "Kragujevac,hotel Sumarice"]
[Date "2018.09.18"]
[Round "6.5"]
[White "Pantelic, Sasa"]
[Black "Todorovic, Nenad I"]
[Result "1/2-1/2"]
[WhiteElo "2294"]
[BlackElo "2291"]
[PlyCount "102"]
[EventDate "2018.09.14"]
[WhiteTeam "Sabacki SK Sabac"]
[BlackTeam "OSK Paracin  Paracin"]

1. d4 Nf6 2. c4 e6 3. Nf3 b6 4. g3 Ba6 5. Qa4 Bb7 6. Bg2 c5 7. dxc5 Bxc5 8. O-O
O-O 9. Nc3 Be7 10. Rd1 Na6 11. Bg5 Nc5 12. Qc2 Qc8 13. Rac1 Nce4 14. Nxe4 Bxe4
15. Qd2 Qb7 16. Bxf6 Bxf6 17. Ne1 Rfd8 18. Bxe4 Qxe4 19. f3 Qb7 20. e4 Rac8 21.
b3 h5 22. Qe2 d5 23. cxd5 Rxc1 24. Rxc1 Bd4+ 25. Kg2 exd5 26. Rd1 dxe4 27. Qxe4
Qxe4 28. fxe4 Kf8 29. Nf3 Bf6 30. Rxd8+ Bxd8 31. Ne5 Bc7 32. Nc6 a5 33. Kf3 Ke8
34. Ke3 Kd7 35. Nd4 h4 36. gxh4 Bxh2 37. Nf3 Bg3 38. Kd4 Kd6 39. h5 Bf2+ 40.
Kc4 Be3 41. Kd3 Bc1 42. Kc4 g6 43. hxg6 fxg6 44. Kd4 Bb2+ 45. Kd3 Kc5 46. a4
Bc1 47. Ne5 g5 48. Ng4 Bf4 49. Nf6 Bh2 50. Ng4 Bg1 51. Nf6 Bh2 1/2-1/2

[Event "PRVA LIGA CENTRALNE SRBIJE 2018."]
[Site "Kragujevac,hotel Sumarice"]
[Date "2018.09.18"]
[Round "6.5"]
[White "Markovic, Milan D"]
[Black "Jesic, Dusan"]
[Result "1/2-1/2"]
[WhiteElo "2247"]
[BlackElo "2322"]
[PlyCount "59"]
[EventDate "2018.09.14"]
[WhiteTeam "OSK Paracin  Paracin"]
[BlackTeam "Sabacki SK Sabac"]

1. Nf3 Nf6 2. d4 c5 3. e3 g6 4. c4 Bg7 5. Nc3 O-O 6. Be2 d6 7. O-O e6 8. e4 Nc6
9. d5 exd5 10. cxd5 Na5 11. Nd2 a6 12. a3 b5 13. b4 Nb7 14. Bb2 Re8 15. Rb1 Bd7
16. f4 a5 17. e5 dxe5 18. fxe5 cxb4 19. exf6 bxc3 20. Bxc3 Bh6 21. Nf3 Rc8 22.
Bd2 Bf8 23. Bxb5 Bxb5 24. Rxb5 Nd6 25. Bxa5 Qxf6 26. Rb6 Qf5 27. Qb1 Qxd5 28.
Bb4 Nc4 29. Rd1 Qh5 30. Rb7 1/2-1/2

[Event "PRVA LIGA CENTRALNE SRBIJE 2018."]
[Site "Kragujevac,hotel Sumarice"]
[Date "2018.09.18"]
[Round "6.5"]
[White "Ignjatovic, Predrag"]
[Black "Dimitrijevic, Nenad"]
[Result "1-0"]
[WhiteElo "2246"]
[BlackElo "2216"]
[PlyCount "43"]
[EventDate "2018.09.14"]
[WhiteTeam "Sabacki SK Sabac"]
[BlackTeam "OSK Paracin  Paracin"]

1. e4 d5 2. exd5 Qxd5 3. Nc3 Qa5 4. d4 Nf6 5. Bd3 c6 6. Nge2 Bf5 7. b4 Qxb4 8.
Bxf5 e6 9. Bd3 Qa5 10. O-O Nbd7 11. Ne4 Nxe4 12. Bxe4 Nf6 13. Bf3 O-O-O 14. c4
h6 15. Bd2 Qf5 16. Qa4 Bd6 17. Qxa7 Bb8 18. Qa8 e5 19. Rab1 Qd7 20. dxe5 Qc7
21. Bf4 g5 22. Bg3 1-0

[Event "PRVA LIGA CENTRALNE SRBIJE 2018."]
[Site "Kragujevac"]
[Date "2018.09.18"]
[Round "6.6"]
[White "Ristic, Nenad"]
[Black "Csonka, Balazs"]
[Result "0-1"]
[WhiteElo "2359"]
[BlackElo "2450"]
[Annotator "Balkanchess"]
[PlyCount "76"]
[EventDate "2018.??.??"]
[WhiteClock "0:02:45"]
[BlackClock "0:01:46"]

1. e4 e5 2. Nf3 Nc6 3. Bb5 a6 4. Ba4 Nf6 5. Nc3 Be7 6. O-O b5 7. Bb3 O-O 8. Re1
d6 9. h3 Na5 10. Nd5 Nxd5 11. Bxd5 c6 12. Bb3 Nxb3 13. axb3 f5 14. d4 fxe4 15.
Rxe4 Qe8 16. dxe5 Qg6 17. Re3 Bxh3 18. Ne1 Bg4 19. Qd3 Qf7 20. Qf1 dxe5 21. Nd3
Bh4 22. Rxe5 Bf5 23. Nb4 Qg6 24. Be3 Rad8 25. Rxa6 Be4 26. Nd3 h6 27. b4 Bg3
28. Rc5 Bd6 29. Ra7 Bxc5 30. Bxc5 Rf5 31. Be7 Re8 32. f4 Qg3 33. Qe2 Bxd3 34.
cxd3 Qxf4 35. Qe6+ Rf7 36. Qb3 Rexe7 37. Rxe7 Qf2+ 38. Kh1 Qh4+ 0-1

[Event "PRVA LIGA CENTRALNE SRBIJE 2018."]
[Site "Kragujevac"]
[Date "2018.09.18"]
[Round "6.6"]
[White "Stankovic, Milos"]
[Black "Todorovic, Goran N"]
[Result "1/2-1/2"]
[WhiteElo "2443"]
[BlackElo "2326"]
[Annotator "Balkanchess"]
[PlyCount "24"]
[EventDate "2018.??.??"]
[WhiteClock "1:02:14"]
[BlackClock "1:22:00"]

1. e4 e5 2. Nc3 Nf6 3. g3 Bb4 4. Bg2 O-O 5. Nge2 c6 6. d4 d5 7. dxe5 Nxe4 8.
O-O Nxc3 9. bxc3 Ba5 10. Be3 Re8 11. Bd4 Nd7 12. f4 f6 1/2-1/2

[Event "PRVA LIGA CENTRALNE SRBIJE 2018."]
[Site "Kragujevac"]
[Date "2018.09.18"]
[Round "6.6"]
[White "Nestorovic, Dejan"]
[Black "Rajkovic, Dusan"]
[Result "1/2-1/2"]
[WhiteElo "2340"]
[BlackElo "2322"]
[Annotator "Balkanchess"]
[PlyCount "26"]
[EventDate "2018.??.??"]
[WhiteClock "0:47:29"]
[BlackClock "1:09:14"]

1. d4 Nf6 2. c4 e6 3. Nc3 Bb4 4. Qc2 c5 5. dxc5 Qc7 6. a3 Bxc5 7. Nf3 a6 8. e3
b6 9. b4 Be7 10. Bb2 Bb7 11. Rc1 d6 12. Bd3 Nbd7 13. Ne4 Rc8 1/2-1/2

[Event "PRVA LIGA CENTRALNE SRBIJE 2018."]
[Site "Kragujevac"]
[Date "2018.09.18"]
[Round "6.6"]
[White "Ilic, Zoran S"]
[Black "Markovic, Zoran S"]
[Result "1/2-1/2"]
[WhiteElo "2307"]
[BlackElo "2346"]
[Annotator "Balkanchess"]
[PlyCount "54"]
[EventDate "2018.??.??"]
[WhiteClock "0:24:15"]
[BlackClock "0:11:08"]

1. d4 d5 2. Nf3 Nf6 3. c4 e6 4. Nc3 Be7 5. g3 O-O 6. Bg2 dxc4 7. Ne5 Nc6 8.
Bxc6 bxc6 9. Nxc6 Qe8 10. Nxe7+ Qxe7 11. Qa4 c5 12. dxc5 Qxc5 13. Be3 Qc7 14.
O-O-O Bb7 15. f3 Nd5 16. Bd4 a5 17. Rd2 Nb4 18. Qb5 Nd5 19. e4 Nb4 20. Bxg7
Kxg7 21. Rd7 Nd3+ 22. Kc2 Qc5 23. Rxb7 Qf2+ 24. Kb1 Qxf3 25. Rd1 Rfc8 26. Qg5+
Kh8 27. Ka1 Rg8 1/2-1/2

[Event "PRVA LIGA CENTRALNE SRBIJE 2018."]
[Site "Kragujevac"]
[Date "2018.09.18"]
[Round "6.6"]
[White "Dimitrijevic, Radmilo"]
[Black "Stankovic, Dragan P"]
[Result "1/2-1/2"]
[WhiteElo "2247"]
[BlackElo "2229"]
[PlyCount "32"]
[EventDate "2018.??.??"]

1. e4 c5 2. Nc3 e6 3. g3 d5 4. exd5 exd5 5. d3 Nf6 6. Bg2 Bg4 7. Nf3 d4 8. Ne2
Nc6 9. h3 Bd7 10. O-O Bd6 11. Bf4 Bxf4 12. Nxf4 O-O 13. Qd2 Re8 14. Rfe1 Qb6
15. c3 dxc3 16. bxc3 Qa5 1/2-1/2